000 00359nam a2200121Ia 4500
008 230524s9999 xx 000 0 und d
100 _a"Douglas E. Comer, David L.Stevens"
245 0 _a"Internetworking with TCP/ IP, Vol-II, (Design,Implementation, and Internals) Ed."
260 _bPHI
500 _aQuantity Number: 2
650 _aComp-Sc
942 _cBK
999 _c49801
_d49801